Načítá se...
All India rules and notifications under central sales tax law /
| Hlavní autor: | |
|---|---|
| Médium: | Printed Book |
| Jazyk: | English |
| Vydáno: |
New Delhi :
Law and Management House,
1978.
|
| LEADER | 00524nam a22001337a 4500 | ||
|---|---|---|---|
| 008 | 170622b xxu||||| |||| 00| 0 eng d | ||
| 999 | |c 163871 |d 163871 | ||
| 020 | |a . | ||
| 082 | |a 336.2713 | ||
| 100 | |a Garg, Dinesh Chandra | ||
| 245 | |a All India rules and notifications under central sales tax law / |c Dinesh Chandra Garg | ||
| 260 | |b Law and Management House, |c 1978. |a New Delhi : | ||
| 942 | |c BK | ||
| 952 | |0 0 |1 0 |4 0 |6 336_271300000000000_GAR_A |7 0 |9 180085 |a CMS |b CMS |c ST1 |d 2017-06-22 |i 3942 |l 0 |o 336.2713 GAR/A |p CMS3942 |r 2017-06-22 |w 2017-06-22 |y BK | ||